| 000 | 00727nam a2200205 i 4500 | ||
|---|---|---|---|
| 001 | 186902 | ||
| 003 | ES-MaACL | ||
| 005 | 20250911063609.0 | ||
| 008 | 170228s1932 sp |||| | spa d | ||
| 100 | 1 |
_aPonce, Aníbal, _d1898-1938 _992937 |
|
| 245 | 1 | 0 |
_aSarmiento, constructor de la nueva Argentina / _cpor Anibal Ponce. |
| 250 | _a1ª ed. | ||
| 260 |
_aMadrid : _bEspasa-Calpe, _c1932. |
||
| 300 |
_a239 p., [4] p.de lám. ; _c18 cm. |
||
| 490 | 1 |
_aVidas Españolas e Hispanoamericanas del Siglo XIX ; _v28 |
|
| 600 | 1 | 4 |
_aSarmiento, Domingo Faustino, _d1811-1888 _9103825 |
| 830 | 0 | 0 |
_aVidas españolas e hispanoamericanas del siglo XIX _v28 _9192640 |
| 852 |
_aES-MaACL _jC-23239 |
||
| 999 |
_c186902 _d186902 |
||